[Event "AUTO-ADV-4324"]
[Site "http://www.queenalice.com/game.php?id=1621830"]
[Date "2020.7.27"]
[Round "2"]
[White "OzzyOzPawn"]
[Black "Sirius"]
[Result "1-0"]
[WhiteElo "1982"]
[BlackElo "1663"]

1. e4 e5 2. Nf3 Bd6 3. Bc4 Nh6 4. d4 Qf6 5. Bg5 Qg6 6. Nc3 exd4 7. Qxd4 c5 8.
Qd5 O-O 9. Bd3 Re8 10. O-O Nc6 11. e5 Rxe5 12. Bxg6 Rxd5 13. Bxh7+ Kxh7 14. Nxd5
Ng4 15. h3 Nge5 16. Nxe5 Bxe5 17. Ne7 Bxb2 18. Rab1 Bd4 19. Nxc8 Rxc8 20. Rxb7
f6 21. Be3 d5 22. Bxd4 cxd4 23. Rd1 a5 24. Rb3 Nb4 25. Rxd4 Nxc2 26. Rxd5 a4 27.
Rbb5 Kg6 28. Rbc5 Rxc5 29. Rxc5 Nb4 30. Rc4 Nxa2 31. Rxa4 Nc3 32. Rg4+ Kh5 33.
Rxg7 Ne4 34. g4+ Kh6 35. Rg8 Kh7 36. Re8 Ng5 37. Kg2 Nf7 38. Re7 Kg6 39. f4 Nd6
40. f5+ Kh6 41. Re6 Nxf5 42. Rxf6+ Kg5 43. Rxf5+ Kh4 44. Rh5# 1-0

[Event "AUTO-ADV-4324"]
[Site "http://www.queenalice.com/game.php?id=1621831"]
[Date "2020.7.27"]
[Round "2"]
[White "Sirius"]
[Black "OzzyOzPawn"]
[Result "0-1"]
[WhiteElo "1630"]
[BlackElo "1941"]

1. e4 e5 2. Qf3 Qf6 3. Qxf6 Nxf6 4. d3 Nc6 5. Bd2 Nd4 6. Kd1 Ng4 7. Be3 Nxe3+ 8.
fxe3 Nc6 9. Nf3 Bc5 10. Kd2 b6 11. g4 Bb7 12. a3 O-O-O 13. h4 h6 14. g5 f6 15.
g6 h5 16. Bh3 Ne7 17. Bf5 Nxf5 18. exf5 Bxf3 19. Rh3 Bg4 20. Rg3 Bxf5 21. e4 Be6
22. b4 Bd4 23. c3 Bf2 24. Rg2 Bxh4 25. Kc2 d5 26. Nd2 d4 27. Rh1 Bg5 28. Nf3 Be3
29. c4 c5 30. b5 Kb7 31. a4 a6 32. Nh4 axb5 33. cxb5 c4 34. Ra1 Rc8 35. Nf5 Bxf5
36. exf5 cxd3+ 37. Kxd3 Rc3+ 38. Ke2 Rc2+ 39. Kf3 Rxg2 40. Kxg2 Bf4 41. Kf3 h4
42. Kg2 h3+ 43. Kf3 h2 44. Rh1 Rh3+ 45. Kg2 Ra3 46. Rxh2 Ra2+ 47. Kh3 Rxh2+ 48.
Kg4 d3 49. Kf3 d2 50. a5 d1=Q+ 51. Ke4 Qd4+ 52. Kf3 Qe3+ 53. Kg4 Qg3# 0-1

[Event "AUTO-ADV-4333"]
[Site "http://www.queenalice.com/game.php?id=1622251"]
[Date "2020.7.30"]
[Round "2"]
[White "OzzyOzPawn"]
[Black "MHRangel"]
[Result "0-1"]
[WhiteElo "1914"]
[BlackElo "1924"]

1. e4 Nc6 2. Nf3 d6 3. d4 Nf6 4. Nc3 g6 5. g3 Bg7 6. Bb5 O-O 7. Be3 Bd7 8. Qd2
Bh3 9. Rg1 Ng4 10. Bf4 e5 11. dxe5 dxe5 12. Qxd8 Raxd8 13. Bd2 Nd4 14. Nxd4 exd4
15. Nd5 c6 16. Ne7+ Kh8 17. Be2 Ne5 18. f4 d3 19. cxd3 Nxd3+ 20. Bxd3 Rxd3 21.
g4 Rfd8 22. O-O-O c5 23. Nd5 Bd4 24. Kc2 Bxg1 25. Kxd3 Bd4 26. Bc3 Bxc3 27. Kxc3
Bxg4 28. Rf1 Be6 29. Kc4 b6 30. Rd1 a6 31. b3 h5 32. Rd3 Kg7 0-1

[Event "AUTO-ADV-4333"]
[Site "http://www.queenalice.com/game.php?id=1622252"]
[Date "2020.7.30"]
[Round "2"]
[White "MHRangel"]
[Black "OzzyOzPawn"]
[Result "1-0"]
[WhiteElo "1940"]
[BlackElo "1898"]

1. d4 d5 2. c4 dxc4 3. e3 Nf6 4. Bxc4 c6 5. Nc3 b5 6. Be2 Bg4 7. Nf3 Nbd7 8. O-O
e6 9. Ne5 Nxe5 10. dxe5 Qxd1 11. Bxd1 Bxd1 12. Nxd1 Ng4 13. f4 Bc5 14. h3 Nh6
15. g4 O-O 16. Nf2 Rad8 17. Ne4 Bb6 18. Nd6 f6 19. b3 fxe5 20. fxe5 Rxf1+ 21.
Kxf1 Rf8+ 22. Ke2 Nf7 23. Nxf7 Rxf7 24. Bb2 Bc7 25. Rc1 Rd7 26. b4 Rd5 27. Rxc6
Bxe5 28. Bxe5 Rxe5 29. Ra6 Re4 30. a3 Rc4 31. Rxe6 Rc2+ 32. Kf3 Kf7 33. Ra6 1-0

[Event "AUTO-ADV-4333"]
[Site "http://www.queenalice.com/game.php?id=1622253"]
[Date "2020.7.30"]
[Round "2"]
[White "OzzyOzPawn"]
[Black "dazzeechain"]
[Result "1-0"]
[WhiteElo "1962"]
[BlackElo "1613"]

1. e4 c5 2. Nf3 d6 3. Bb5+ Bd7 4. Bxd7+ Nxd7 5. d4 cxd4 6. Nxd4 Ngf6 7. Nc3 a6
8. O-O Rc8 9. Qf3 Ne5 10. Qh3 g6 11. Bh6 Bxh6 12. Qxh6 Neg4 13. Qd2 O-O 14. f4
Nh5 15. h3 Ngf6 16. f5 Ng7 17. g4 1-0

[Event "AUTO-ADV-4333"]
[Site "http://www.queenalice.com/game.php?id=1622254"]
[Date "2020.7.30"]
[Round "2"]
[White "dazzeechain"]
[Black "OzzyOzPawn"]
[Result "0-1"]
[WhiteElo "1615"]
[BlackElo "1960"]

1. e4 e5 2. Nf3 Nc6 3. d4 exd4 4. Nxd4 Nxd4 5. Qxd4 Qf6 6. Be3 g6 7. Bc4 Bg7 8.
Qxf6 Nxf6 9. Nc3 d6 10. f3 O-O 11. O-O-O a6 12. Nd5 Nxd5 13. Bxd5 c6 0-1

[Event "AUTO-ADV-4333"]
[Site "http://www.queenalice.com/game.php?id=1622255"]
[Date "2020.7.30"]
[Round "2"]
[White "OzzyOzPawn"]
[Black "mennecy91"]
[Result "1-0"]
[WhiteElo "1988"]
[BlackElo "1969"]

1. e4 c5 2. Nf3 Nc6 3. Bc4 g6 4. c3 Bg7 5. d4 cxd4 6. cxd4 d6 7. O-O Nf6 8. Nc3
O-O 9. e5 dxe5 10. dxe5 Ng4 11. e6 Bxe6 12. Bxe6 fxe6 13. Qb3 Qc8 14. Ng5 Nd4
15. Qa4 Qc7 16. g3 h6 17. Nxe6 Nxe6 18. Qxg4 Rf6 19. Nd5 1-0

[Event "AUTO-ADV-4333"]
[Site "http://www.queenalice.com/game.php?id=1622256"]
[Date "2020.7.30"]
[Round "2"]
[White "mennecy91"]
[Black "OzzyOzPawn"]
[Result "0-1"]
[WhiteElo "1994"]
[BlackElo "1971"]

1. c4 e5 2. Nc3 b6 3. d3 Nc6 4. g3 Nf6 5. Bg2 Bc5 6. e4 Nd4 7. Nge2 d6 8. O-O
Bg4 9. Bg5 Nf3+ 10. Kh1 Nxg5 11. Na4 Bd4 12. Rb1 Nh3 13. Bxh3 Bxh3 14. Nxd4 Bxf1
15. Qxf1 exd4 0-1

[Event "Challenge"]
[Site "http://www.queenalice.com/game.php?id=1622400"]
[Date "2020.7.31"]
[Round "-"]
[White "OzzyOzPawn"]
[Black "chessman"]
[Result "1/2-1/2"]
[WhiteElo "2003"]
[BlackElo "1984"]

1. e4 e6 2. d4 d5 3. Nd2 dxe4 4. Nxe4 Nd7 5. Bf4 Ngf6 6. Bd3 Nxe4 7. Bxe4 Nf6 8.
Bf3 Bd6 9. Ne2 Be7 10. O-O O-O 11. c3 a6 12. Qb3 Nd5 13. Bg3 Rb8 14. Rac1 Bd6
15. c4 Nf6 16. c5 Bxg3 17. hxg3 Nd5 18. Nf4 Nxf4 19. gxf4 Qxd4 20. Rc4 Qf6 21.
Rb4 b5 22. cxb6 cxb6 23. Rxb6 Rxb6 24. Qxb6 Qxf4 25. Rd1 Qf6 26. b3 Qb2 27. Rd8
Qa3 28. Rxf8+ Qxf8 29. Be2 g6 30. Bxa6 Bxa6 31. Qxa6 Qd8 32. Qc4 Kg7 33. a4 Qd1+
34. Kh2 Qh5+ 35. Kg1 Qd1+ 36. Kh2 Qh5+ 37. Kg3 Qg5+ 38. Qg4 Qe5+ 39. Qf4 Qc3+
40. Qe3 Qb4 41. f4 h5 42. Kh4 Kh7 43. g4 e5 44. Qxe5 Qxb3 45. gxh5 Qxa4 46.
hxg6+ fxg6 47. Qe7+ Kh8 48. Qf8+ Kh7 49. Qf7+ Kh6 50. Qf6 Qd7 51. Qh8+ Qh7 52.
Qf6 Qg7 53. Qxg7+ 1/2-1/2

[Event "Challenge"]
[Site "http://www.queenalice.com/game.php?id=1622401"]
[Date "2020.7.31"]
[Round "-"]
[White "chessman"]
[Black "OzzyOzPawn"]
[Result "1-0"]
[WhiteElo "2054"]
[BlackElo "2014"]

1. e4 e5 2. Nf3 Nc6 3. Bb5 a6 4. Ba4 g6 5. c3 Nf6 6. Qe2 b5 7. Bb3 d5 8. exd5
Nxd5 9. Nxe5 Nce7 10. d4 Bb7 11. Bg5 f6 12. Bxf6 Nxf6 13. Bf7# 1-0

[Event "AUTO-MASTER-2981"]
[Site "http://www.queenalice.com/game.php?id=1622752"]
[Date "2020.8.4"]
[Round "1"]
[White "junipero"]
[Black "OzzyOzPawn"]
[Result "1-0"]
[WhiteElo "2104"]
[BlackElo "1951"]

1. d4 d5 2. c4 dxc4 3. e3 e5 4. Bxc4 Bb4+ 5. Nc3 Nc6 6. Ne2 Nf6 7. a3 Bd6 8.
dxe5 Nxe5 9. Qd4 Nxc4 10. Qxc4 c6 11. O-O O-O 12. b4 Qc7 13. Bb2 Bxh2+ 14. Kh1
Be5 15. Rad1 Be6 16. Qd3 Rad8 17. Qc2 Rxd1 18. Rxd1 Rd8 19. Rxd8+ Qxd8 20. f4
Bc7 21. Nd4 Bg4 22. Nce2 Nd5 23. e4 Nxf4 24. g3 Nh3 25. Kg2 1-0

[Event "AUTO-MASTER-2981"]
[Site "http://www.queenalice.com/game.php?id=1622753"]
[Date "2020.8.4"]
[Round "1"]
[White "OzzyOzPawn"]
[Black "junipero"]
[Result "0-1"]
[WhiteElo "1962"]
[BlackElo "2094"]

1. e4 c5 2. Nf3 Nc6 3. Bb5 d6 4. c3 e5 5. d4 cxd4 6. cxd4 exd4 7. Nxd4 Bd7 8.
Qa4 Nxd4 9. Bxd7+ Qxd7 10. Qxd4 Nf6 11. O-O Be7 12. Nc3 O-O 13. Nd5 Nxd5 14.
Qxd5 Bf6 15. Rd1 Rad8 16. Bg5 Bxg5 17. Qxg5 Qe6 18. Qd5 b6 19. Rd2 Rfe8 20. f3
Qxd5 21. Rxd5 Kf8 22. Rc1 Rc8 23. Rcd1 Rc2 24. R1d2 Rxd2 25. Rxd2 Ke7 26. Rc2
Rd8 27. Rc7+ Rd7 28. Rc8 h5 29. b4 g6 0-1

[Event "AUTO-MASTER-2981"]
[Site "http://www.queenalice.com/game.php?id=1622766"]
[Date "2020.8.4"]
[Round "1"]
[White "Fauquinelle"]
[Black "OzzyOzPawn"]
[Result "1-0"]
[WhiteElo "1957"]
[BlackElo "1971"]

1. d4 d5 2. c4 dxc4 3. e4 e5 4. Nf3 exd4 5. Qxd4 Qxd4 6. Nxd4 Bb4+ 7. Bd2 Na6 8.
Bxc4 c5 9. Nb5 Bxd2+ 10. Nxd2 Ne7 11. Nd6+ Kd7 12. Nxf7 Rf8 13. Ne5+ Kc7 14. O-O
b6 15. a3 Bb7 16. Rad1 Nc6 17. Ndf3 Nxe5 18. Nxe5 Bxe4 19. Rd7+ Kb8 20. Bxa6 Re8
21. f3 Rxe5 22. fxe4 Re8 23. Rb7+ Kc8 24. Rd1 Rd8 25. Rxg7+ Kb8 26. Rxd8# 1-0

[Event "AUTO-MASTER-2981"]
[Site "http://www.queenalice.com/game.php?id=1622767"]
[Date "2020.8.4"]
[Round "1"]
[White "OzzyOzPawn"]
[Black "Fauquinelle"]
[Result "1-0"]
[WhiteElo "1954"]
[BlackElo "1974"]

1. e4 c6 2. d4 d5 3. e5 Bf5 4. Bd3 Qd7 5. Nf3 f6 6. Bf4 Bg4 7. h3 Bxf3 8. Qxf3
g6 9. Nd2 Bg7 10. O-O fxe5 11. dxe5 e6 12. Rfe1 Ne7 13. g4 O-O 14. Qe3 d4 15.
Qg3 Nd5 16. Re4 Nxf4 17. Rxf4 Rxf4 18. Qxf4 c5 19. Ne4 Qe7 20. Nf6+ Kh8 21. h4
Nd7 22. g5 Rf8 23. Bb5 Bxf6 24. gxf6 Qd8 25. Qh6 Nxe5 26. Qg7# 1-0

[Event "AUTO-MASTER-2981"]
[Site "http://www.queenalice.com/game.php?id=1622774"]
[Date "2020.8.4"]
[Round "1"]
[White "schuch97"]
[Black "OzzyOzPawn"]
[Result "1-0"]
[WhiteElo "1904"]
[BlackElo "2002"]

1. e4 e5 2. Nf3 Nc6 3. Bc4 Bc5 4. d3 Nge7 5. Ng5 d5 6. exd5 Nxd5 7. Nc3 Bb4 8.
Qf3 Be6 9. Nxe6 fxe6 10. Bd2 g6 11. Nxd5 Bxd2+ 12. Kxd2 exd5 13. Bxd5 Rf8 14.
Bxc6+ Ke7 15. Qe3 bxc6 16. Qxe5+ Kf7 17. Rae1 Re8 18. Qf4+ Kg7 19. Rxe8 Qxe8 20.
Qxc7+ Kg8 21. Re1 Qf8 22. f3 Qb4+ 23. Kd1 Qxb2 24. Qxc6 Qb1+ 25. Ke2 Qb8 26. Kf1
Qf8 27. c4 Rd8 28. Re3 Qf4 29. Qe6+ Kf8 30. Qe7+ Kg8 31. Qxd8+ Kg7 32. Qe7+ Kh6
33. g3 Qf5 34. Kf2 Qa5 35. Qh4+ Kg7 36. Re7+ Kf8 37. Qf6+ Kg8 38. Qg7# 1-0

[Event "AUTO-MASTER-2981"]
[Site "http://www.queenalice.com/game.php?id=1622775"]
[Date "2020.8.4"]
[Round "1"]
[White "OzzyOzPawn"]
[Black "schuch97"]
[Result "1-0"]
[WhiteElo "1945"]
[BlackElo "1917"]

1. e4 a6 2. d4 b5 3. e5 d6 4. Qf3 Ra7 5. Be3 dxe5 6. dxe5 Rb7 7. Nd2 e6 8. O-O-O
Qd5 9. Qxd5 exd5 10. g3 Bb4 11. Nb3 c6 12. Bc5 Bxc5 13. Nxc5 Re7 14. f4 Nh6 15.
Bh3 Bxh3 16. Nxh3 Ng4 17. Rd2 a5 18. Re1 f6 19. e6 Nh6 20. Nf2 O-O 21. g4 Kh8
22. f5 Nf7 23. Rde2 Ng5 24. Re3 g6 25. h4 Ne4 26. Nfxe4 dxe4 27. Rxe4 Kg7 28. b3
Rh8 29. c4 h5 30. cxb5 cxb5 31. a4 bxa4 32. Rxa4 Nc6 33. Nd3 Kh6 34. Nf4 hxg4
35. Nxg6 Rc8 36. Nxe7 Nxe7+ 37. Kb2 Nxf5 38. Rxg4 Kh5 39. Rge4 Nxh4 40. e7 Re8
41. Ka3 Nf5 42. Ka4 Kg6 43. Kxa5 Kf7 44. b4 Nd6 45. Re6 f5 46. Rxd6 f4 47. Rd8
Rxe7 48. Rxe7+ Kxe7 49. Rd4 f3 50. Rf4 Kd6 51. b5 Kc7 52. Ka6 Kb8 53. b6 Ka8 54.
Rf8# 1-0

[Event "AUTO-OPEN-4150"]
[Site "http://www.queenalice.com/game.php?id=1623249"]
[Date "2020.8.9"]
[Round "2"]
[White "OzzyOzPawn"]
[Black "jandamian"]
[Result "0-1"]
[WhiteElo "1884"]
[BlackElo "2783"]

1. e4 c5 2. Nf3 d6 3. Bb5+ Bd7 4. Bxd7+ Nxd7 5. d4 cxd4 6. Nxd4 g6 7. Be3 Ngf6
8. Nc3 Bg7 9. Qd2 Ng4 10. Bg5 h6 11. Bh4 Bxd4 12. Qxd4 e5 0-1

[Event "AUTO-OPEN-4150"]
[Site "http://www.queenalice.com/game.php?id=1623250"]
[Date "2020.8.9"]
[Round "2"]
[White "jandamian"]
[Black "OzzyOzPawn"]
[Result "1-0"]
[WhiteElo "2782"]
[BlackElo "1976"]

1. e4 e5 2. Nf3 Nc6 3. Bc4 h6 4. d4 exd4 5. O-O d6 6. Nxd4 Ne5 7. Bb3 Bg4 8. f3
Bh5 9. g4 Bg6 10. f4 Nd7 11. Nc3 1-0